| 000 | 03002cam a22006974i 4500 | ||
|---|---|---|---|
| 003 | PE-LiUPU | ||
| 005 | 20250731173051.0 | ||
| 008 | 160516m2016 ne rb 000 0 eng | ||
| 010 | _a2016013903 | ||
| 020 |
_a9004231811 _q (volumen 1A) |
||
| 020 |
_a9004337105 _q (volumen 1B) |
||
| 020 |
_a9004337113 _q (volumen 1C) |
||
| 020 |
_a9789004231818 _q (volumen 1A) |
||
| 020 |
_a9789004337107 _q (volumen 1B) |
||
| 020 |
_a9789004337114 _q (volumen 1C) |
||
| 035 | _a(Sirsi) i9789004231818 | ||
| 035 | _a(OCoLC)949912166 | ||
| 040 |
_aDLC _beng _erda _cDLC _dYDX _dOCLCF _dYDXCP _dOHX _dGUA _dNYP _dLNT _dIPS _dHUC _dICW _dPAU _dJ9U _dIUL _dDHA _dPE-LiUPU |
||
| 049 | _aPRUA | ||
| 050 | 0 | 0 |
_aBS1136 _b.H43 2016 |
| 082 | 0 | 4 |
_a221.67 _bH3 _223 |
| 245 | 0 | 4 |
_aThe Hebrew Bible / _cedited by Armin Lange, Emanuel Tov. |
| 264 | 1 |
_aLeiden, Boston : _bBrill, _c2016. |
|
| 300 |
_a3 volumenes ; _c27 centímetros. |
||
| 336 |
_atext _2rdacontent |
||
| 337 |
_aunmediated _2rdamedia |
||
| 338 |
_avolume _2rdacarrier |
||
| 490 | 1 | _aTextual history of the Bible | |
| 504 | _aIncluye bibliografía. | ||
| 505 | 0 |
_aVolume 1A. _aOverview articles. |
|
| 505 | 0 |
_aVolume 1B. _aPentateuch -- Former -- Latter prophets. |
|
| 505 | 0 |
_aVolume 1C. _aWritings. |
|
| 526 | _aSEG42 | ||
| 526 | _aSEG41 | ||
| 526 | _aSEG40 | ||
| 526 | _aSEG39 | ||
| 526 | _aP94 | ||
| 526 | _aP87 | ||
| 526 | _aP86 | ||
| 526 | _aP85 | ||
| 526 | _aP77 | ||
| 526 | _aP76 | ||
| 526 | _aP35 | ||
| 650 | 0 | 0 |
_aBiblia. _pAntiguo Testamento _xCriticismo, Textual. |
| 650 | 0 | 4 |
_aBiblia _xCrítica, Textual _xHistoria. |
| 650 | 0 | 0 |
_aBible. _pOld Testament _xCriticism, Textual. |
| 650 | 0 | 4 |
_aBible _xCriticism, Textual _xHistory. |
| 700 | 1 |
_aLange, Armin, _d1961- _eeditor. |
|
| 700 | 1 |
_aTov, Emanuel, _eeditor. |
|
| 910 |
_adbm _bncf _cncf _d20180108 |
||
| 942 |
_2ddc _cBOOK |
||
| 949 |
_a221.67 H3 _wDEWEY _c1 _i77827 _lCATALOGING _mBUL _p245.00 _r0 _sY _tBOOK _u2018-01-08 _xPOSGRADO _PP85 _0COMPRA _o.STAFF. Colección Teología. |
||
| 949 |
_a221.67 H3 _wDEWEY _c2 _i77828 _lCATALOGING _mBUL _p297.00 _r0 _sY _tBOOK _u2018-01-08 _xPOSGRADO _PP85 _0COMPRA _o.STAFF. Colección Teología. |
||
| 949 |
_a221.67 H3 _wDEWEY _c3 _i77829 _lCATALOGING _mBUL _p297.00 _r0 _sY _tBOOK _u2018-01-08 _xPOSGRADO _PP85 _0COMPRA _o.STAFF. Colección Teología. |
||
| 994 |
_aC0 _bPEPRU |
||
| 596 | _a1 | ||
| 999 |
_a221.67 H3 _wDEWEY _c26602 _i77827 _d26602 _e2018-3-15 _f2021-11-9 _g4 _lCCODEBUL1 _mBUL _n1 _p245.00 _q1 _r0 _sY _tBOOK _u2018-1-8 _xTEOLOGIA _PP85 _0COMPRA _o.STAFF. Colección Teología. |
||
| 999 |
_a221.67 H3 _wDEWEY _c2 _i77828 _d2018-11-20 _e2018-3-16 _f2021-11-9 _g4 _lCCODEBUL1 _mBUL _n1 _p297.00 _q1 _r0 _sY _tBOOK _u2018-1-8 _xTEOLOGIA _PP85 _0COMPRA _o.STAFF. Colección Teología. |
||
| 999 |
_a221.67 H3 _wDEWEY _c3 _i77829 _d2022-5-30 _e2018-3-16 _f2021-11-9 _g4 _lCCODEBUL1 _mBUL _n1 _p297.00 _q1 _r0 _sY _tBOOK _u2018-1-8 _xTEOLOGIA _PP85 _0COMPRA _o.STAFF. Colección Teología. |
||
| 980 |
_81 _gALBERTO SANCHEZ Responsable de Automatización |
||